| 000 | 00787cam a2200313 4500500 | ||
|---|---|---|---|
| 005 | 20260329003014.0 | ||
| 041 | _afre | ||
| 042 | _adc | ||
| 100 | 1 | 0 |
_aDuru, Martin _eauthor |
| 245 | 0 | 0 | _aDouble je |
| 260 | _c2014. | ||
| 500 | _a8 | ||
| 690 | _aAmour-propre | ||
| 690 | _aDeleuze | ||
| 690 | _aDescartes | ||
| 690 | _aEgo | ||
| 690 | _aÉgoïsme | ||
| 690 | _aHume | ||
| 690 | _aMoi | ||
| 690 | _aNarcissisme | ||
| 690 | _aNietzsche | ||
| 690 | _aOrgueil | ||
| 690 | _aPascal | ||
| 690 | _aPsychanalyse | ||
| 690 | _aS’aimer soi-même | ||
| 690 | _aVertu | ||
| 786 | 0 | _nPhilosophie magazine | 80 | 6 | 2014-06-01 | p. 27-28 | 1951-1787 | |
| 856 | 4 | 1 | _uhttps://shs.cairn.info/magazine-philosophie-magazine-2014-6-page-27?lang=fr&redirect-ssocas=7080 |
| 999 |
_c1820447 _d1820447 |
||